[Event "Budapest Spring Festival 2019"]
[Site "Budapest"]
[Date "2019.04.17"]
[Round "9.7"]
[White "Abdumalik, Zhansaya"]
[Black "Gopal G.N."]
[Result "0-1"]
[WhiteElo "2463"]
[BlackElo "2589"]
[Annotator "TA"]
[PlyCount "84"]
[EventDate "2019.04.09"]
[EventType "swiss"]
[EventCountry "HUN"]
[SourceTitle "playchess.com"]
[Source "ChessBase"]
[SourceQuality "1"]

{[%evp 12,84,10,0,19,13,15,11,21,0,0,0,0,0,0,-14,0,-13,-7,-16,-14,0,16,-68,-59,-54,-66,-47,-54,-69,-39,-56,-60,-76,-63,-79,-75,-72,-60,-67,-74,-60,0,-61,0,-104,-104,-160,-137,-127,-117,-202,-210,-373,-381,-662,-668,-758,-601,-745,-744,-718,-693,-712,-712,-689,-668,-662,-608,-807,-790,-1054,-1020,-993,-993]} 1. e4 c5 2. Nf3 d6 3. d4 cxd4 4. Nxd4 Nf6 5. Nc3 a6 6. h3 e5 7. Nde2 h5 {B90: Sicilian Najdorf: Unusual White 6th moves, 6 Be3 Ng4 and 6 Be3 e5} 8. g3 Be6 9. Bg2 b5 {The position is equal.} 10. a3 $146 ({Predecessor:} 10. Be3 Nbd7 11. O-O Rc8 12. f4 Be7 13. b3 Nc5 14. a3 {½-½ (53) Bacrot,E (2692)-Kraemer,M (2570) Germany 2017}) 10... Nbd7 11. O-O Be7 12. b3 Rc8 13. Be3 O-O 14. f4 Nc5 15. Qe1 a5 {[%cal Ba6a5,Ba5b4][%mdl 32]} 16. Rd1 Bd7 17. f5 (17. fxe5 $11 dxe5 18. Nxb5) 17... b4 $15 18. axb4 axb4 19. Nd5 Nxd5 ({Don't go for} 19... Nfxe4 $2 20. Qxb4 Bg5 21. Bxe4 $18) 20. exd5 Bb5 21. Rf2 Bg5 22. Bxg5 Qxg5 23. Qxb4 Bxe2 $1 24. Rxe2 Qxg3 25. Rf1 Ra8 26. Qe1 Qg5 (26... Qxe1 $1 $15 27. Rexe1 Ra2) 27. Kh2 ({White should play} 27. f6 $11) 27... Ra2 {[#]} (27... Rfc8 $15) 28. b4 (28. f6 $1 $11 {[%mdl 512] remains equal.}) 28... Nd7 $17 29. Be4 (29. c4 $142 Rfa8 30. Qf2 Rxe2 31. Qxe2) 29... Nf6 30. Rg2 Qh6 31. c4 (31. Bd3 $17) 31... Rfa8 $19 32. Bc2 $2 (32. c5) 32... R8a3 {[#] Hoping for ...Ng4+!} 33. Qh4 $2 (33. Qc1 Qxc1 34. Rxc1) 33... Rc3 {Black is clearly winning.} 34. Bb1 Raa3 35. Ra2 Rxh3+ 36. Qxh3 Ng4+ 37. Kg2 Rxh3 38. Kxh3 Qe3+ 39. Kg2 Qb3 {aiming for ...Ne3+.} 40. Kg1 Qxc4 41. Ra8+ Kh7 42. f6+ g6 {Accuracy: White = 38%, Black = 72%.} 0-1

[Event "Budapest Spring Festival 2019"]
[Site "Budapest"]
[Date "2019.04.17"]
[Round "9.8"]
[White "Aryan Chopra"]
[Black "Raja Harshit"]
[Result "1/2-1/2"]
[WhiteElo "2547"]
[BlackElo "2432"]
[Annotator "TA"]
[PlyCount "122"]
[EventDate "2019.04.09"]
[EventType "swiss"]
[EventCountry "HUN"]
[SourceTitle "playchess.com"]
[Source "ChessBase"]
[SourceQuality "1"]

{[%evp 15,122,0,1,0,17,14,22,22,47,46,45,2,0,-33,-11,-13,24,0,0,-7,18,5,13,0,0,-12,27,0,0,0,34,35,35,33,102,0,0,0,0,0,0,-5,0,0,0,0,0,0,54,53,151,36,33,0,0,0,0,-24,0,-4,-4,-58,-63,-56,0,0,0,0,0,0,0,0,0,0,0,0,0,0,0,0,0,0,0,0,0,0,0,0,10,10,10,10,10,8,10,10,10,10,10,10,10,8,8,8,8,8,8,8,8]} 1. e4 c5 2. Nf3 d6 3. d4 cxd4 4. Nxd4 Nf6 5. Nc3 a6 6. Bd3 e5 7. Nde2 Be7 8. O-O O-O 9. Ng3 {B90: Sicilian Najdorf: Unusual White 6th moves, 6 Be3 Ng4 and 6 Be3 e5} Be6 10. Nd5 Nbd7 (10... Bxd5 11. exd5 g6 12. Bh6 Re8 13. c4 Nbd7 14. b4 Bf8 15. Bg5 h6 16. Bd2 e4 {½-½ (46) Najer,E (2683)-Wojtaszek,R (2738) Batumi 2018}) 11. c4 a5 $146 ({Predecessor:} 11... Nc5 12. Re1 Rc8 13. Bf1 Bxd5 14. exd5 Qd7 15. Qf3 g6 16. Bh6 Rfe8 {1-0 (36) Wang,Y (2308)-Hu,Y (2020) Xingtai 2018}) 12. h3 Nc5 13. Bc2 Nxd5 14. exd5 Bc8 15. f4 Bh4 16. Ne2 f5 17. Be3 $40 {[%mdl 128] [#] fxe5 is the strong threat. Black needs to defend precisely.} b6 18. Qd2 Bd7 19. b3 g6 20. a3 Bf6 21. Rab1 Re8 22. fxe5 Bxe5 (22... Rxe5 $5 {[%cal Rd8e7]} 23. Bf4 Re8 $14) 23. Nd4 Qf6 24. Kh1 Bg3 ({Better is} 24... Rac8 $14) 25. Bf4 (25. Rf3 $16 Be5 26. b4) 25... Bxf4 $11 26. Rxf4 Qe5 27. Rf3 Rac8 28. Rc1 Re7 29. b4 axb4 30. axb4 Ne4 31. Bxe4 $1 Qxe4 (31... fxe4 $11 32. Re3 b5) 32. b5 Rc5 {[#]} (32... Qh4 $14) 33. Qc3 ({White should play} 33. Ra3 $1 $16) 33... Re8 34. Nb3 Rcc8 35. Qb4 Qe5 36. Rff1 f4 37. Qd2 Qe3 38. Rc3 (38. Qd1 $11) 38... Qxd2 $15 39. Nxd2 g5 (39... Re2 $15 40. Nb3 Re4) 40. Ra1 {The position is equal.} Bxb5 41. Rb3 $1 {[%cal Rb3b5]} Bxc4 42. Nxc4 Rxc4 43. Rxb6 $11 {[%mdl 4096] Endgame KRR-KRR} Rce4 44. Kg1 Re1+ 45. Rxe1 Rxe1+ {KR-KR} 46. Kf2 Rd1 47. Rxd6 Kf7 48. Rd7+ Ke8 49. Rxh7 Rxd5 50. h4 Rd2+ 51. Kf1 gxh4 52. Rxh4 Kf7 53. Rxf4+ Kg6 54. Rf2 Rd1+ 55. Ke2 Ra1 56. Kf3 Kg5 57. Re2 Ra3+ 58. Re3 Rxe3+ 59. Kxe3 Kg4 60. Kf2 Kf4 61. Ke1 Ke5 {Accuracy: White = 64%, Black = 44%.} 1/2-1/2

[Event "Budapest Spring Festival 2019"]
[Site "Budapest"]
[Date "2019.04.17"]
[Round "9.9"]
[White "Arjun Kalyan"]
[Black "Stupak, Kirill"]
[Result "1/2-1/2"]
[WhiteElo "2445"]
[BlackElo "2547"]
[Annotator "TA"]
[PlyCount "26"]
[EventDate "2019.04.09"]
[EventType "swiss"]
[EventCountry "HUN"]
[SourceTitle "playchess.com"]
[Source "ChessBase"]
[SourceQuality "1"]

{[%evp 9,19,22,22,45,35,22,23,26,43,35,27,26]} 1. e4 e6 2. d4 d5 3. Nc3 Nc6 4. Nf3 Nf6 5. Bd3 Bb4 {[#] ...de4 is the strong threat.} 6. O-O {C10: French with 3 Nc3: Unusual Black 3rd moves and 3...dxe4} Bxc3 7. exd5 Nxd4 8. bxc3 Nxf3+ 9. Qxf3 Qxd5 10. Qg3 {You set blue moves yourself with the critical opening position annotation.:} O-O $146 11. c4 Qd4 12. Be3 Qg4 13. Qxc7 b6 {1-0 (37) Areshchenko,A (2667)-Zaragatski,I (2475) Germany 2010} 1/2-1/2

[Event "Budapest Spring Festival 2019"]
[Site "Budapest"]
[Date "2019.04.17"]
[Round "9.10"]
[White "Erenberg, Ariel"]
[Black "Horvath, Adam"]
[Result "1/2-1/2"]
[WhiteElo "2437"]
[BlackElo "2533"]
[Annotator "TA"]
[PlyCount "174"]
[EventDate "2019.04.09"]
[EventType "swiss"]
[EventCountry "HUN"]
[SourceTitle "playchess.com"]
[Source "ChessBase"]
[SourceQuality "1"]

{[%evp 10,174,24,3,42,34,39,4,11,12,14,7,22,6,6,11,0,0,9,0,0,-15,-15,-14,-13,-19,-12,-17,-16,-17,0,-50,-47,-115,-115,-113,-114,-115,-121,-120,-120,-118,-109,-141,-131,-154,-168,-142,-116,-102,-102,-96,-105,-103,-21,-15,-27,-165,-114,-113,-115,-182,-180,-220,-220,-244,-239,-223,-167,-240,-240,-209,-208,-225,-225,-195,-166,-166,-146,-199,-80,-66,-70,-68,-47,-93,-102,-80,-80,-93,-79,-76,-50,-49,-37,-42,-37,-39,-41,-35,0,0,0,-83,-15,-14,0,0,0,0,0,0,0,0,0,0,0,0,0,0,0,0,0,0,0,0,0,0,0,0,0,0,0,0,0,0,0,0,0,0,0,0,0,0,0,0,0,0,0,0,0,0,0,0,0,0,0,0,0,0,0,0,0,0,0,0,0]} 1. d4 Nf6 2. c4 e6 3. Nf3 Bb4+ 4. Nbd2 O-O 5. a3 Be7 6. e4 d6 {E11: Bogo-Indian} (6... d5 $5 {[%cal Rd5e4]}) (6... d5 7. e5 Nfd7 8. Bd3 c5 9. h4 g6 10. O-O Nc6 11. Nb3 dxc4 12. Bxc4 cxd4 13. Re1 a5 14. Bh6 Re8 15. Rc1 Nb6 {1-0 (39) Ding,L (2804)-Saric,I (2689) Batumi 2018}) 7. Be2 Nfd7 8. O-O e5 9. Nb1 exd4 10. Nxd4 Bf6 11. Nc3 Nc6 12. Be3 Nc5 13. Rb1 Re8 {[#]} 14. Bf3 $146 ({Predecessor:} 14. f3) 14... Be5 15. b4 Nxd4 16. Bxd4 Ne6 $1 17. Bxe5 dxe5 18. Qxd8 Rxd8 19. Rfd1 Bd7 20. Rd2 Nd4 21. Ne2 (21. Bd1 $15) 21... Nxf3+ $17 22. gxf3 Be6 23. Rc2 Rd3 24. f4 Bg4 25. fxe5 Bf3 ({Don't play} 25... Rxa3 26. Rc3 $15) 26. Nc3 Rad8 27. Re1 R8d4 28. Rcc1 Rxc4 $40 {[%mdl 128] Black attacks with force.} 29. Nb5 Rxc1 30. Rxc1 {[%mdl 4096] Endgame KRB-KRN} h5 31. Nxc7 h4 (31... Rxa3 $17 32. e6 Kf8) 32. e6 $1 $11 {[%cal Re6e7] Strongly threatening e7.} Kf8 33. e5 (33. Nd5 $1 $11 fxe6 34. Nf4 Rxa3 35. Nxe6+ Ke7 36. Nd4) 33... h3 ({Black should play} 33... a6 $19 34. Ra1 Rc3) 34. exf7 $17 Kxf7 35. Nb5 {[#]} (35. Kf1 $17) 35... a6 $1 $19 {[%cal Ra6b5]} 36. Nd6+ Ke6 37. a4 Kxe5 38. Nc4+ Kf6 39. b5 (39. Kf1 $142) 39... axb5 40. axb5 Rd5 41. Na3 Re5 42. b6 Kg5 43. Rb1 Kf4 44. Nc4 (44. Nc2 $17 {is a better defense.}) 44... Rc5 (44... Rg5+ $19 {is more deadly.} 45. Kf1 Bc6) 45. Nd2 $17 Bc6 46. Rb4+ Kf5 47. f3 Rc2 48. Rd4 Ke5 49. Rd3 Bd5 50. Kf2 Be6 51. Kg3 g5 52. Kf2 Rb2 53. Kg3 Rxb6 54. Ne4 {[#]} g4 $1 {[%mdl 512]} 55. Nc5 (55. fxg4 Kxe4) 55... gxf3 56. Rxf3 {[#]} (56. Nxe6 $11 {keeps the balance.} Rxe6 57. Kxf3) 56... Bf5 (56... Bc8 $1 $17 57. Nd3+ Kd4) 57. Nd3+ $1 $11 {The position is equal.} Bxd3 (57... Kf6 {feels hotter.} 58. Nf4 Rb1 59. Nxh3 Ke5 60. Ng5 Rg1+) 58. Rxd3 {KR-KR} Ke4 59. Rd7 Rb3+ 60. Kg4 b5 61. Rd8 b4 62. Re8+ Kd4 63. Rd8+ Kc5 64. Rc8+ Kd6 65. Rb8 Kc6 66. Kh4 $1 Kc5 67. Rc8+ $1 Kd4 68. Rb8 Kc4 69. Rc8+ $1 Kd3 {...Rc3 is the strong threat.} 70. Kxh3 Rc3 71. Rd8+ $1 Kc2+ 72. Kg4 $1 Rc4+ 73. Kg5 Rc5+ 74. Kg6 b3 {And now ...Rc3 would win.} 75. Rb8 Rc4 {Threatens to win with ...Rh4.} (75... Rc3 {is more complex.} 76. h4 Rg3+ 77. Kf6 Rf3+ 78. Kg5 b2) 76. Kg5 Kc3 {[#] White must now prevent ...Rb4.} (76... Rc3 {is interesting.} 77. h4 Rg3+ 78. Kf4 Rg1 79. h5 b2) 77. Rxb3+ $1 {[%mdl 512]} Kxb3 {KR-KP} 78. h4 Rc5+ 79. Kg6 Rc6+ 80. Kg7 Rc5 {( -> ...Rh5)} 81. Kg6 Kc4 82. h5 Kd4 83. h6 Rc6+ 84. Kg7 Ke5 85. h7 Rc7+ 86. Kg6 {[#]} Rxh7 $1 {[%mdl 512]} 87. Kxh7 Ke4 {Accuracy: White = 64%, Black = 61%.} 1/2-1/2

[Event "Budapest Spring Festival 2019"]
[Site "Budapest"]
[Date "2019.04.17"]
[Round "9.11"]
[White "Ravi, Teja S."]
[Black "Shyam, Sundar M."]
[Result "0-1"]
[WhiteElo "2383"]
[BlackElo "2519"]
[Annotator "TA"]
[PlyCount "94"]
[EventDate "2019.04.09"]
[EventType "swiss"]
[EventCountry "HUN"]
[SourceTitle "playchess.com"]
[Source "ChessBase"]
[SourceQuality "1"]

{[%evp 15,94,17,33,8,0,0,16,20,17,0,0,0,0,-10,42,34,17,2,0,-14,-20,-46,-46,-55,-50,-54,-36,-36,-36,-34,-34,-35,-39,-46,-27,-47,-47,-47,-47,-47,-47,-76,-76,-76,-75,-125,-106,-163,-110,-121,-133,-175,-125,-176,-176,-185,-178,-179,-177,-206,-147,-160,-160,-160,-152,-222,-197,-227,-145,-234,-238,-1945,-1868,-1825,-1819,-1660,-1608,-29970,-29971,-5293,-2022]} 1. d4 Nf6 2. Nf3 g6 3. g3 Bg7 4. Bg2 O-O 5. O-O d6 6. c4 Nbd7 7. Nc3 e5 8. dxe5 dxe5 9. Qb3 {E67: King's Indian: Fianchetto: 6...Nbd7} (9. h3 c6 10. Qc2 Qc7 11. Rd1 Re8 12. e4 a5 13. Be3 Bf8 14. Na4 b6 15. c5 b5 16. Nb6 Rb8 17. Nxc8 Rbxc8 18. h4 {0-1 (65) Vakhidov,J (2578)-Jobava,B (2669) Almaty 2016}) 9... c6 10. Rd1 Qc7 11. Qa3 {The position is equal.} Re8 12. Be3 Ng4 $146 ({Predecessor:} 12... Bf8 13. c5 b6 14. cxb6 Nxb6 15. Qa5 e4 16. Nd2 Bf5 {½-½ (61) Ravi,T (2338)-Iniyan,P (2469) Bhubaneswar 2018}) 13. Ne4 Nxe3 14. Qxe3 Nb6 (14... Nf6 $11) 15. Nd6 Re7 16. Qa3 Be6 17. Rac1 Rd7 $36 {[%mdl 2048] Black fights for an advantage.} 18. b3 Rad8 {White must now prevent ...c5.} 19. c5 Nc8 20. Ng5 Nxd6 (20... Bf5 {seems wilder.} 21. Ngxf7 Rxf7 22. Nxf7 Kxf7 23. Rxd8 Qxd8 24. Qb4 Qe7) 21. cxd6 Rxd6 22. Rxd6 Qxd6 23. Qxd6 Rxd6 24. Nxe6 {Strongly threatening Nc5.} fxe6 $15 {[%mdl 4096] Endgame KRB-KRB} (24... Bh6 {looks sharper.} 25. e3 Rxe6 26. Rd1 Re7 27. e4 Kg7) 25. Be4 Rd4 26. Rc4 Kf7 27. Rxd4 exd4 {KB-KB} 28. e3 dxe3 29. fxe3 Ke7 30. h4 Kd6 31. h5 (31. Bd3 $17) 31... gxh5 $19 32. Bxh7 Kc5 $1 33. Bg8 e5 34. a3 (34. Kg2 $17 {was worth a try.}) 34... e4 35. Kf2 Bb2 $1 36. a4 Kb4 37. Be6 Kc3 38. Ke2 Ba3 39. Bc8 b6 {[%cal Bb7b6,Bb6a5][%mdl 32]} 40. Bd7 (40. Bb7 $17 {keeps fighting.}) 40... c5 $1 ({Not} 40... Kxb3 41. Bxc6 Bd6 42. Kf2 $17) 41. Be6 {[#]} Kc2 $1 42. Bc4 {[#]} (42. g4 $17) 42... Bb2 $1 43. a5 $2 (43. Bd5) 43... bxa5 44. Bf7 Be5 45. Kf2 Kc3 46. Bxh5 Kxb3 47. Bd1+ Kb4 {Accuracy: White = 34%, Black = 83%.} 0-1

[Event "Budapest Spring Festival 2019"]
[Site "Budapest"]
[Date "2019.04.17"]
[Round "9.12"]
[White "Krzyzanowski, Marcin"]
[Black "Asadli, Vugar"]
[Result "1/2-1/2"]
[WhiteElo "2509"]
[BlackElo "2454"]
[Annotator "TA"]
[PlyCount "66"]
[EventDate "2019.04.09"]
[EventType "swiss"]
[EventCountry "HUN"]
[SourceTitle "playchess.com"]
[Source "ChessBase"]
[SourceQuality "1"]

{[%evp 9,66,-21,-22,-27,-29,-31,-24,-22,-8,-29,-34,-40,-41,-37,-42,-51,-29,-48,-34,-35,-28,-52,-21,-39,-44,-56,-42,-56,-62,-60,-25,-31,-34,-39,-36,-29,0,0,0,0,0,0,0,-28,11,-11,0,-11,0,0,0,0,0,0,0,0,0,0,0]} 1. d4 Nf6 2. Nc3 d5 3. Bf4 e6 4. a3 (4. Nb5 Na6 5. e3 Be7 6. Nf3 O-O 7. Bd3 c6 8. Nc3 Nb4 9. h3 Nxd3+ 10. cxd3 b6 11. O-O Bb7 {0-1 (40) Rapport,R (2731)-Giri,A (2783) Wijk aan Zee 2019}) 4... a6 5. Nf3 c5 6. e3 {D00: 1 d4 d5: Unusual lines} b5 7. Be2 Bb7 8. O-O {Black has an edge.} Nbd7 9. Ne5 Be7 10. Bf3 O-O 11. Ne2 $146 ({Predecessor:} 11. dxc5 Nxc5 {½-½ (45) Ilic,I (1998)-Obst,J (1833) Canberra 2004}) 11... Rc8 12. h3 Nxe5 13. Bxe5 Nd7 14. Bh2 Nb6 15. Re1 a5 {[%cal Ba6a5,Ba5b4,Bb4b3][%mdl 32]} 16. dxc5 Bxc5 17. c3 Nc4 18. Qc2 Qb6 19. Nf4 b4 20. axb4 axb4 21. Nd3 b3 22. Qe2 Be7 23. Ne5 Rfd8 24. e4 f6 25. Nxc4 dxc4 26. Rad1 Ba6 27. Qf1 {The position is equal.} Kf7 28. Bh5+ g6 29. Be2 Rxd1 30. Rxd1 Rd8 31. Rxd8 Qxd8 32. Bf4 ({Not} 32. Bxc4 $2 Bxc4 33. Qxc4 Qd2 $19) 32... Qa5 33. Qd1 Bb5 {Accuracy: White = 55%, Black = 56%.} 1/2-1/2

[Event "Budapest Spring Festival 2019"]
[Site "Budapest"]
[Date "2019.04.17"]
[Round "9.13"]
[White "Srinath, Rao S.V."]
[Black "Bernadskiy, Vitaliy"]
[Result "1/2-1/2"]
[WhiteElo "2416"]
[BlackElo "2587"]
[Annotator "TA"]
[PlyCount "101"]
[EventDate "2019.04.09"]
[EventType "swiss"]
[EventCountry "HUN"]
[SourceTitle "playchess.com"]
[Source "ChessBase"]
[SourceQuality "1"]

{[%evp 10,101,-1,-21,13,-10,0,-18,-24,-40,-14,-63,0,-16,-21,-18,-15,-33,-14,-39,6,-48,-47,-45,-47,-45,-26,-43,0,0,2,4,26,31,40,13,74,0,0,0,0,-9,-11,-14,-5,-66,-82,-122,-110,-137,-135,-117,-123,-156,-99,-117,-126,-119,-129,-113,-87,-130,-120,-177,-113,-123,-133,-147,-165,-190,-26,-26,-26,-26,-23,-27,-23,-26,-37,-32,-33,-28,-33,-65,-28,-35,-8,-8,0,-8,-8,-12,-11,-16]} 1. e4 c6 2. d4 d5 3. e5 Bf5 4. Ne2 e6 5. Ng3 Bg6 6. h4 f6 {B12: Caro-Kann: Advance Variation} (6... h5 7. Be2 c5 8. dxc5 Bxc5 9. Nd2 Nc6 10. Nb3 Bb6 11. Bxh5 Bxh5 12. Nxh5 Qc7 13. Bf4 g6 14. Ng3 Nxe5 15. Qd2 O-O-O {0-1 (25) Naiditsch,A (2702)-Bologan,V (2680) Kishinev 2012}) 7. h5 Bf7 8. exf6 Nxf6 9. Nc3 Bd6 $146 ({You set blue moves yourself with the critical opening position annotation.:} 9... Qb6 10. h6 Nbd7 11. hxg7 Bxg7 12. b3 O-O-O 13. Na4 Qc7 14. c3 Rde8 15. Be2 Bf8 16. Nh5 Rg8 {0-1 (16) Suwara,K (1674)-Korchut,A (2075) IECG email 2005}) 10. Qf3 (10. h6 $5 {[%cal Rh6g7]}) 10... O-O 11. h6 {Hoping for hg7.} g6 12. Bf4 Bxf4 13. Qxf4 Nbd7 14. Be2 Qe7 15. O-O (15. Qe3 $1 $11) 15... e5 16. dxe5 Qxe5 17. Qd2 d4 18. Nd1 Nc5 19. f4 Qd6 20. Nf2 Rfe8 21. Rad1 Rad8 22. Bf3 Qf8 ({Much worse is} 22... Bxa2 $6 23. b3 $16) (22... Bc4 $11) 23. Rfe1 (23. f5 $1 $16) 23... Rxe1+ $11 ({Of course not} 23... Bxa2 24. b3 $16) 24. Rxe1 Qxh6 25. Qa5 Qf8 $36 {[%mdl 2048] Black is pushing.} 26. b4 Ne6 27. f5 ({White should try} 27. Nge4 $11 Nxe4 28. Rxe4) 27... Ng5 $15 28. Be2 Nd5 {aiming for ...&Ve8.} 29. Bd3 b6 30. Qxa7 Qxb4 31. Re2 Ne3 (31... Qb1+ $142 32. Kh2 Qc1 33. fxg6 hxg6) 32. Qc7 {[#]} Qd6 $1 {[%cal Rd6c7]} 33. Qxd6 Rxd6 34. fxg6 Bxg6 35. Nf1 Nd5 36. Re5 (36. Nd2 $17 {was necessary.}) 36... Bxd3 (36... Nf7 $19 37. Re8+ Kg7) 37. Nxd3 $17 Rg6 {White must now prevent ...&Wf3.} 38. Re8+ Kf7 39. Rc8 {[#] White wants to play &We5.} Re6 $2 {[#]} (39... Ke7 $1 $19 {Threatens to win with ...c5.} 40. Ng3 c5 41. Nf5+ Kd7) 40. Rxc6 $1 $11 {[%mdl 576] NOTEXT-4840} Rxc6 41. Ne5+ Ke8 42. Nxc6 {[%mdl 4096] General book An&W&W-An&W&W} Ne6 43. Kf2 Kd7 44. Ne5+ Kd6 45. Nd3 Nc3 46. Nc1 Kc5 47. Kf3 Kb4 48. Nd2 {The position is equal.} b5 49. Kg4 Nc5 50. Kf4 Ka3 51. Ncb3 {NOTEXT-4805: Tournament = 42%, Annotator = 38%.} 1/2-1/2

[Event "Budapest Spring Festival 2019"]
[Site "Budapest"]
[Date "2019.04.17"]
[Round "9.14"]
[White "Savchenko, Boris"]
[Black "Nomin-Erdene, Davaademberel"]
[Result "1-0"]
[WhiteElo "2575"]
[BlackElo "2399"]
[Annotator "TA"]
[PlyCount "165"]
[EventDate "2019.04.09"]
[EventType "swiss"]
[EventCountry "HUN"]
[SourceTitle "playchess.com"]
[Source "ChessBase"]
[SourceQuality "1"]

{[%evp 14,165,25,25,15,24,17,10,5,12,15,6,17,8,33,22,22,19,25,28,18,19,23,20,25,0,0,0,0,-10,-5,-16,-22,-45,0,0,0,0,0,0,0,-2,0,-56,-56,-56,-56,-52,0,-64,-5,-9,28,27,23,21,23,0,0,0,0,0,0,0,0,0,0,0,0,0,225,0,0,0,101,-8,-8,-8,-8,-8,-8,-8,-8,-8,-8,-8,-8,-16,-9,-120,0,0,0,-20,0,0,0,0,0,0,0,0,0,0,0,0,0,0,0,0,0,0,0,0,0,0,0,0,0,0,0,0,0,0,0,0,0,0,0,0,29972,29973,29973,29974,29973,29974,29974,29974,29979,29980,29980,29981,29985,29986,29986,29982,29987,29988,29991,29992,29992,29991,29994,29993]} 1. e4 e6 2. d4 d5 3. Nc3 Nf6 4. Bg5 dxe4 5. Nxe4 Be7 6. Bxf6 gxf6 7. Nf3 f5 8. Nc3 a6 {C13: French: Classical System: 4 Bg5 Be7, Alekhine-Chatard Attack} 9. g3 (9. Qd2 b5 10. O-O-O b4 11. Na4 Qd5 12. b3 Bd7 13. Bc4 Qd6 14. d5 e5 15. Rhe1 e4 16. Nd4 {1-0 (40) Carlsen,M (2832)-Grischuk,A (2750) chess.com INT 2017}) 9... b5 10. Bg2 {Threatens to win with Ne5.} Bb7 {The position is equal.} 11. O-O O-O 12. Ne5 Bxg2 13. Kxg2 Qd6 {[#]} 14. Re1 $146 ({Predecessor:} 14. Qf3 Ra7 15. Rfe1 Qxd4 16. Rad1 {1-0 (37) Iotov,V (2541)-Ohtake,S (2466) ICCF email 2012}) 14... b4 15. Qf3 Nd7 16. Na4 Nxe5 17. dxe5 Qd7 18. b3 Rad8 19. Kg1 Qd5 20. Qe2 Qb5 21. Rac1 Rd7 22. c3 Rfd8 23. Rc2 bxc3 24. Nxc3 Qa5 25. Rd1 Bc5 26. Rxd7 Rxd7 27. Kg2 Bd4 28. Na4 (28. Qd3 $1 $11) 28... Qxe5 $15 29. Qxe5 Bxe5 {[%mdl 4096] Endgame KRB-KRN} 30. Kf3 Bd4 (30... Rd5 $15) 31. b4 ({White should play} 31. Nc5 $11 Rd6 32. Nb7) 31... Ba7 (31... Bb6 $15) 32. Ke2 $11 Rd4 33. a3 Re4+ 34. Kf1 $1 Bb6 $1 35. Nc5 Rd4 36. Nxa6 Rd1+ $1 37. Ke2 Ra1 $1 38. Rc3 $1 Ra2+ 39. Kd3 Rxf2 40. a4 e5 $1 41. a5 e4+ 42. Kc4 Ba7 $1 43. Kb5 Rd2 {[#]} (43... Rxh2 $11 {remains equal.} 44. Rxc7 Be3) 44. Rxc7 ({White must play} 44. Nc5 $1 $16) 44... Bf2 $1 {Hoping for ...e3.} 45. Rc8+ Kg7 {aiming for ...e3.} 46. Nc5 e3 47. Re8 $132 {[%mdl 2048] White is fighting back} e2 48. Nd3 $1 {[%cal Rd3f2]} Rxd3 49. Rxe2 {KRB-KR} Bg1 50. Ka6 Rd7 51. Re1 (51. Kb5 $11) 51... Bd4 (51... Bxh2 $17 52. b5 Kf6) 52. Kb5 Kf6 53. a6 Bf2 54. Kc6 Rd2 55. Ra1 Rc2+ 56. Kb7 Rb2 57. Ra4 $1 Bc5 58. a7 Bxa7 $1 59. Kxa7 Rxh2 {KR-KR} 60. b5 {b6 is the strong threat.} Rg2 61. Ra3 Kg5 62. b6 {Strongly threatening b7.} f4 63. Ka6 Rb2 ({Not} 63... Rxg3 $2 64. Rxg3+ fxg3 65. b7 $18) 64. b7 Kg4 65. gxf4 Kxf4 66. Ra4+ Kg3 67. Ra5 (67. Rd4 {seems wilder.} Rxb7 68. Kxb7 f5 69. Kb8 f4 70. Rd5) 67... Rxb7 $1 68. Kxb7 {KR-KPP} Kg4 69. Ra8 {And now Kc6 would win.} h5 70. Rg8+ Kf3 71. Rh8 Kg4 $2 {[%mdl 8192]} (71... h4 $11) 72. Kc6 {White mates.} h4 73. Kd5 h3 74. Ke4 Kg3 75. Ke3 h2 76. Rg8+ Kh3 {[#]} 77. Kf2 $1 ({Stronger than} 77. Rh8+ Kg2 $11) 77... h1=N+ 78. Kf3 {[%cal Rg8h8]} Kh2 79. Rg2+ Kh3 80. Rg7 {[%cal Rg7h7]} Kh2 81. Rxf7 Kg1 82. Rg7+ Kh2 83. Rg6 {Accuracy: White = 63%, Black = 74%.} 1-0

[Event "Budapest Spring Festival 2019"]
[Site "Budapest"]
[Date "2019.04.17"]
[Round "9.15"]
[White "Kayonde, Andrew"]
[Black "Galyas, Miklos"]
[Result "1/2-1/2"]
[WhiteElo "2394"]
[BlackElo "2490"]
[Annotator "TA"]
[PlyCount "50"]
[EventDate "2019.04.09"]
[EventType "swiss"]
[EventCountry "HUN"]
[SourceTitle "playchess.com"]
[Source "ChessBase"]
[SourceQuality "1"]

{[%evp 9,50,-8,72,17,50,55,92,89,91,96,100,97,97,97,154,35,68,71,96,89,126,0,0,0,0,0,0,0,0,0,0,0,0,0,0,0,0,0,0,0,0,-9,0]} 1. d4 f5 2. Nc3 Nf6 3. Bg5 d5 4. f3 c5 (4... c6 5. Qd3 b5 6. a3 e6 7. e4 Be7 8. Nge2 O-O 9. exf5 exf5 10. Ng3 Ne8 11. Bf4 g5 12. Be5 {0-1 (35) Sadorra,J (2590)-Kamsky,G (2706) ICC INT 2014}) 5. e4 dxe4 (5... Nc6 $1 $11) 6. d5 {A80: Dutch Defence: Unusual White second moves} ({Better is} 6. dxc5 $16 Qa5 7. Bxf6 exf6 8. fxe4) 6... a6 $146 ({Predecessor:} 6... Qb6 7. Qd2 Bd7 8. O-O-O Na6 9. Nh3 O-O-O 10. Bc4 Nc7 11. fxe4 Qb4 12. Bb3 fxe4 {1-0 (50) Levin,E (2508)-Bivol,A (2350) St Petersburg 2015}) 7. Qe2 Qd6 8. fxe4 {White is better.} Nxe4 9. Nxe4 fxe4 10. Qxe4 Nd7 11. O-O-O Nf6 {[#]} (11... g6 $142) 12. Bxf6 (12. Qh4 $1 $16) 12... gxf6 13. Be2 Bd7 14. Bh5+ Kd8 15. Bg4 ({White should play} 15. Kb1 $16) 15... Bh6+ $11 {The position is equal.} 16. Kb1 Qf4 $36 {[%mdl 2048] Black is more active.} 17. Qxf4 Bxf4 18. Bxd7 Kxd7 19. Nf3 Rag8 20. g3 Bd6 21. Rhe1 Rg4 22. c3 Rhg8 23. Rd2 b5 24. Rde2 h5 25. Kc2 Ra4 {Accuracy: White = 46%, Black = 56%.} 1/2-1/2